[Event "4NCL/Div2/KHE vs. MIN1"]
[Site "West Bromwich ENG"]
[Date "2004.09.19"]
[Round "2.1"]
[White "McMichael, Richard"]
[Black "McFarland, Robert S"]
[Result "0-1"]
[WhiteElo "2272"]
[BlackElo "2282"]
[PlyCount "70"]
[EventDate "2004.09.19"]
[SourceDate "2004.09.21"]

1. d4 g6 2. c4 Bg7 3. Nc3 Nf6 4. e4 d6 5. Be2 O-O 6. Bg5 c5 7. d5 h6 8. Be3 a6
9. Qd2 Kh7 10. h4 h5 11. Nh3 Bxh3 12. Rxh3 Nbd7 13. f3 Ne5 14. g4 Qa5 15. gxh5
gxh5 16. Kf2 Rab8 17. Rg3 Rg8 18. Rag1 b5 19. Bf4 Nxc4 20. Bxc4 bxc4 21. Qe2
Nd7 22. Be3 Bxc3 23. bxc3 Rxg3 24. Kxg3 Qxc3 25. Rc1 Rb2 26. Rxc3 Rxe2 27. a3
f6 28. f4 Nb6 29. Kf3 Rb2 30. f5 Rb3 31. Rc2 Nd7 32. Kf4 Ne5 33. a4 Nd3+ 34.
Kg3 Nb4 35. Re2 c3 0-1

[Event "4NCL/Div2/KHE vs. MIN1"]
[Site "West Bromwich ENG"]
[Date "2004.09.19"]
[Round "2.2"]
[White "Richards, Heather"]
[Black "Thomas, Richard H"]
[Result "0-1"]
[WhiteElo "2219"]
[BlackElo "2232"]
[PlyCount "68"]
[EventDate "2004.09.19"]
[SourceDate "2004.09.21"]

1. e4 g6 2. d4 Bg7 3. Nc3 c6 4. Be3 d5 5. h3 Nf6 6. e5 Ne4 7. Nce2 c5 8. f3
cxd4 9. Qxd4 Nc6 10. Qa4 d4 11. Nxd4 Ng3 12. O-O-O Bd7 13. e6 fxe6 14. Nxc6
bxc6 15. Rh2 Nxf1 16. Rxf1 Qb8 17. f4 Qxb2+ 18. Kd1 Rd8 19. Qb3 Bc8+ 20. Ke1
Ba6 21. Ne2 Rb8 22. Qa4 Bb5 23. Qe4 Qxa2 24. Kf2 Kf7 25. Rd1 Bxe2 26. Kxe2 Rb2
27. Rc1 Qd5 28. Qa4 a5 29. Kf2 Ra2 30. Qxa2 Qxa2 31. Rhh1 Rb8 32. Rhd1 Qc4 33.
Rd2 a4 34. Rcd1 a3 0-1

[Event "4NCL/Div2/KHE vs. MIN1"]
[Site "West Bromwich ENG"]
[Date "2004.09.19"]
[Round "2.3"]
[White "Kwiatkowski, Feliks J"]
[Black "Kafka, Graeme"]
[Result "1-0"]
[WhiteElo "2229"]
[BlackElo "2143"]
[PlyCount "73"]
[EventDate "2004.09.19"]
[SourceDate "2004.09.21"]

1. e4 c5 2. Nf3 d6 3. d4 cxd4 4. Nxd4 Nf6 5. Nc3 g6 6. Be2 Bg7 7. O-O Nc6 8.
Nb3 O-O 9. Re1 Be6 10. Bg5 Rc8 11. Bf1 Ne5 12. Nd5 Bxd5 13. exd5 Qd7 14. Qd2
Rc7 15. f3 Rfc8 16. c3 b5 17. Rad1 b4 18. cxb4 Rc2 19. Qd4 Nh5 20. Qh4 f6 21.
Bc1 Qb7 22. b5 Qc7 23. Qb4 f5 24. a4 f4 25. a5 Qd7 26. Nd4 R2c5 27. Ne6 Rxd5
28. Nxf4 Rxd1 29. Qb3+ Kh8 30. Qxd1 Qf5 31. Nxh5 Qxh5 32. Be3 Nc4 33. Bd4 Nxa5
34. Bxg7+ Kxg7 35. Rxe7+ Kf8 36. Qxd6 Nc4 37. Qf6+ 1-0

[Event "4NCL/Div2/KHE vs. MIN1"]
[Site "West Bromwich ENG"]
[Date "2004.09.19"]
[Round "2.4"]
[White "Hagesaether, Arne"]
[Black "O'Shaughnessy, Conor"]
[Result "0-1"]
[WhiteElo "2101"]
[BlackElo "2189"]
[PlyCount "68"]
[EventDate "2004.09.19"]
[SourceDate "2004.09.21"]

1. e4 c5 2. Nf3 d6 3. d4 cxd4 4. Nxd4 Nf6 5. Nc3 a6 6. h3 g6 7. Be3 Bg7 8. Qd2
b5 9. a3 Bb7 10. Bd3 Nbd7 11. Bh6 O-O 12. O-O Rc8 13. Rae1 Ne5 14. Bxg7 Kxg7
15. f4 Nc4 16. Bxc4 Rxc4 17. b3 Rc8 18. e5 Nh5 19. Re3 dxe5 20. fxe5 Kg8 21.
Rd3 Qb6 22. Kh2 Qc5 23. Qe3 e6 24. b4 Qc7 25. Kh1 Rfd8 26. Ne4 Bxe4 27. Qxe4
Rd5 28. Re1 Qc4 29. Kh2 Rcd8 30. Red1 R8d7 31. g4 Ng7 32. Qe3 Qc7 33. Re1 f6
34. Nf3 Qxc2+ 0-1

[Event "4NCL/Div2/KHE vs. MIN1"]
[Site "West Bromwich ENG"]
[Date "2004.09.19"]
[Round "2.5"]
[White "Guthrie, David"]
[Black "Almond, Richard"]
[Result "1-0"]
[WhiteElo "2170"]
[BlackElo "2158"]
[PlyCount "95"]
[EventDate "2004.09.19"]
[SourceDate "2004.09.21"]

1. d4 d5 2. c4 e6 3. Nf3 Nf6 4. Bg5 Be7 5. e3 O-O 6. Nc3 Nbd7 7. Rc1 h6 8. Bh4
a6 9. cxd5 exd5 10. Bd3 Re8 11. O-O c6 12. Bg3 Nf8 13. Ne5 Bd6 14. h3 c5 15.
Bb1 cxd4 16. exd4 Ne6 17. Qd3 Qb6 18. Ng4 Nf8 19. Nxf6+ gxf6 20. Nxd5 Qd8 21.
Bxd6 Qxd6 22. Nc7 Bd7 23. Nxa8 Bb5 24. Qg3+ Qxg3 25. fxg3 Bxf1 26. Nc7 Bb5 27.
Nxe8 Bxe8 28. Bf5 Bc6 29. Kf2 Ne6 30. Bxe6 fxe6 31. g4 Kf7 32. g3 Bd5 33. Rc7+
Kg6 34. h4 f5 35. gxf5+ Kxf5 36. Ke3 e5 37. a3 exd4+ 38. Kxd4 Bf3 39. Ke3 Bh1
40. Rf7+ Kg6 41. Rf1 Bc6 42. Kf4 h5 43. Rd1 Bg2 44. Rd6+ Kg7 45. Kg5 Bf3 46.
Rg6+ Kh7 47. Rh6+ Kg7 48. Rxh5 1-0

[Event "4NCL/Div2/KHE vs. MIN1"]
[Site "West Bromwich ENG"]
[Date "2004.09.19"]
[Round "2.6"]
[White "Horton, Justin"]
[Black "Mackenzie, Colin"]
[Result "0-1"]
[WhiteElo "2091"]
[BlackElo "2144"]
[PlyCount "38"]
[EventDate "2004.09.19"]
[SourceDate "2004.09.21"]

1. d4 e6 2. c4 Nf6 3. Nf3 b6 4. g3 Ba6 5. Nbd2 d5 6. Bg2 Be7 7. O-O O-O 8. Ne5
Nfd7 9. cxd5 Nxe5 10. dxe6 Nec6 11. d5 Nd4 12. d6 Nxe2+ 13. Kh1 Qxd6 14. Bxa8
c6 15. Ne4 Qxe6 16. Ng5 Qf5 17. Re1 Bxg5 18. Rxe2 Qf3+ 19. Kg1 Bxe2 0-1

[Event "4NCL/Div2/KHE vs. MIN1"]
[Site "West Bromwich ENG"]
[Date "2004.09.19"]
[Round "2.7"]
[White "Spivack, Simon"]
[Black "Muter, Donny"]
[Result "1-0"]
[WhiteElo "2195"]
[BlackElo "2135"]
[PlyCount "78"]
[EventDate "2004.09.19"]
[SourceDate "2004.09.21"]

1. e4 d6 2. d4 Nf6 3. Bd3 e5 4. d5 Be7 5. c4 O-O 6. Nc3 a5 7. Nf3 Na6 8. h3 c6
9. Be3 Nd7 10. a3 Rb8 11. O-O Ndc5 12. Bc2 g6 13. Rb1 Nd7 14. dxc6 bxc6 15. Na4
Qc7 16. Bh6 Rd8 17. Bd2 Nac5 18. b4 axb4 19. axb4 Nxa4 20. Bxa4 Nf8 21. Qe2 Ne6
22. Rfc1 Bd7 23. Be3 Ra8 24. Ra1 Qb7 25. Qc2 Rdc8 26. c5 Nc7 27. cxd6 Bxd6 28.
Rd1 Ne8 29. Bc5 Bb8 30. Bb3 Rxa1 31. Rxa1 Ng7 32. Ng5 Be8 33. Rd1 Ba7 34. Qc3
Bxc5 35. bxc5 Rb8 36. Rb1 Qc7 37. Nf3 Rb5 38. Rc1 Kf8 39. Nxe5 Qe7 1-0

[Event "4NCL/Div2/KHE vs. MIN1"]
[Site "West Bromwich ENG"]
[Date "2004.09.19"]
[Round "2.8"]
[White "Poobalasingam, Peter S"]
[Black "Connolly, Suzanne"]
[Result "1/2-1/2"]
[WhiteElo "2027"]
[BlackElo "2076"]
[PlyCount "81"]
[EventDate "2004.09.19"]
[SourceDate "2004.09.21"]

1. d4 d5 2. c4 c6 3. Nc3 Nf6 4. Nf3 dxc4 5. a4 Bf5 6. e3 e6 7. Bxc4 Bb4 8. O-O
O-O 9. Qb3 Qb6 10. Nd2 Bxc3 11. bxc3 Qxb3 12. Bxb3 Bd3 13. Re1 Ba6 14. e4 Nbd7
15. e5 Nd5 16. Ne4 Bd3 17. Bd2 Bxe4 18. Rxe4 a5 19. c4 Nb4 20. Bg5 Rfe8 21. f4
h6 22. Bh4 g6 23. g4 Kg7 24. Rf1 b6 25. f5 g5 26. Bg3 Rad8 27. Be1 Nb8 28. Bc3
N8a6 29. h4 gxh4 30. f6+ Kh7 31. Kf2 c5 32. Rd1 cxd4 33. Rexd4 Rxd4 34. Rxd4
Nc5 35. Bd1 Nbd3+ 36. Kg2 Nxe5 37. Kh3 Ng6 38. Bc2 Rb8 39. Rd6 Kg8 40. Bd2 Kh7
41. Be1 {Match result 0-1} 1/2-1/2

[Event "4NCL/Div2/SWD1 vs. WWKS1"]
[Site "West Bromwich ENG"]
[Date "2004.09.19"]
[Round "2.1"]
[White "Cooper, John G"]
[Black "Wu, Li"]
[Result "1/2-1/2"]
[WhiteElo "2346"]
[BlackElo "2215"]
[PlyCount "78"]
[EventDate "2004.09.19"]
[SourceDate "2004.09.21"]

1. d4 Nf6 2. c4 g6 3. Nc3 Bg7 4. e4 d6 5. Nf3 O-O 6. Be2 e5 7. d5 a5 8. Bg5 h6
9. Bh4 Na6 10. O-O Qe8 11. Nd2 Nh7 12. a3 Bd7 13. b3 h5 14. f3 Bh6 15. Kh1 Be3
16. Qc2 f5 17. exf5 gxf5 18. Bf2 Bxf2 19. Rxf2 Kh8 20. Rg1 Nf6 21. Qb2 c5 22.
Bd3 Nc7 23. b4 cxb4 24. axb4 Na6 25. bxa5 Nc5 26. Bc2 Rxa5 27. Re2 b5 28. Rb1
Qa8 29. f4 b4 30. Qxb4 e4 31. Nb3 Nxb3 32. Bxb3 Rc5 33. Ba4 Qc8 34. Bxd7 Nxd7
35. Nb5 Rf6 36. Na7 Qa6 37. Nb5 Qc8 38. Na7 Qa6 39. Nb5 Qc8 1/2-1/2

[Event "4NCL/Div2/SWD1 vs. WWKS1"]
[Site "West Bromwich ENG"]
[Date "2004.09.19"]
[Round "2.2"]
[White "James, Russell A"]
[Black "Dineley, Richard D P"]
[Result "1/2-1/2"]
[WhiteElo "2201"]
[BlackElo "2299"]
[PlyCount "35"]
[EventDate "2004.09.19"]
[SourceDate "2004.09.21"]

1. e4 c5 2. c3 e6 3. d4 d5 4. exd5 exd5 5. Nf3 Nc6 6. g3 Nf6 7. Bg2 cxd4 8. O-O
dxc3 9. Nxc3 Be7 10. Bf4 O-O 11. Nb5 Bf5 12. Nfd4 Nxd4 13. Qxd4 a6 14. Nc7 Rc8
15. Qe5 Bd7 16. Rad1 Bc6 17. Bxd5 Nxd5 18. Nxd5 1/2-1/2

[Event "4NCL/Div2/SWD1 vs. WWKS1"]
[Site "West Bromwich ENG"]
[Date "2004.09.19"]
[Round "2.3"]
[White "Evans-Quek, Suan-Shiau"]
[Black "Mason, Don"]
[Result "1-0"]
[WhiteElo "2293"]
[BlackElo "2250"]
[PlyCount "81"]
[EventDate "2004.09.19"]
[SourceDate "2004.09.21"]

1. g3 e5 2. Bg2 Nc6 3. a3 a5 4. Nc3 Nf6 5. e4 Bc5 6. d3 d6 7. Nf3 Nd4 8. Nxd4
Bxd4 9. Ne2 Bb6 10. c4 O-O 11. O-O c6 12. Qb3 Nd7 13. Qc2 Nc5 14. Be3 Bg4 15.
Bxc5 Bxc5 16. Nc3 h5 17. h3 Be6 18. Qd2 h4 19. Kh2 Bd4 20. Ne2 Qb6 21. Nxd4
Qxd4 22. gxh4 f5 23. Qe3 c5 24. Qxd4 cxd4 25. b3 f4 26. Bf3 Kf7 27. Rg1 Rh8 28.
h5 Rh7 29. Rg5 b6 30. Rag1 Rg8 31. Rg6 Rh6 32. R6g5 Kf8 33. b4 g6 34. Rxg6
Rgxg6 35. Rxg6 Rxg6 36. hxg6 Kg7 37. Bg4 Bg8 38. Bf5 axb4 39. axb4 Kf6 40. h4
Kg7 41. Kh3 1-0

[Event "4NCL/Div2/SWD1 vs. WWKS1"]
[Site "West Bromwich ENG"]
[Date "2004.09.19"]
[Round "2.4"]
[White "Hynes, Anthony"]
[Black "Jones, Richard S"]
[Result "1-0"]
[WhiteElo "2247"]
[BlackElo "2297"]
[PlyCount "41"]
[EventDate "2004.09.19"]
[SourceDate "2004.09.21"]

1. e4 c5 2. Nf3 d6 3. d4 cxd4 4. Nxd4 Nf6 5. Nc3 a6 6. Bg5 e6 7. f4 Nbd7 8. Qf3
Qc7 9. O-O-O b5 10. Bxf6 Nxf6 11. e5 Bb7 12. Qe3 dxe5 13. Ncxb5 axb5 14. Bxb5+
Nd7 15. Nxe6 fxe6 16. Rxd7 Qxd7 17. Bxd7+ Kxd7 18. Rd1+ Bd5 19. Qxe5 Be7 20. f5
Bg5+ 21. Kb1 1-0

[Event "4NCL/Div2/SWD1 vs. WWKS1"]
[Site "West Bromwich ENG"]
[Date "2004.09.19"]
[Round "2.5"]
[White "James, David J"]
[Black "Pitcher, John"]
[Result "1/2-1/2"]
[WhiteElo "2236"]
[BlackElo "2180"]
[PlyCount "34"]
[EventDate "2004.09.19"]
[SourceDate "2004.09.21"]

1. Nf3 d5 2. d4 Nf6 3. c4 c6 4. e3 a6 5. Bd3 Bg4 6. Nbd2 Nbd7 7. Qb3 Qc7 8. h3
Bxf3 9. Nxf3 e6 10. Bd2 Bd6 11. cxd5 exd5 12. Bb4 O-O 13. Bxd6 Qxd6 14. O-O
Rab8 15. Rfc1 Rfe8 16. Qc3 Ne4 17. Bxe4 Rxe4 1/2-1/2

[Event "4NCL/Div2/SWD1 vs. WWKS1"]
[Site "West Bromwich ENG"]
[Date "2004.09.19"]
[Round "2.6"]
[White "Baruch, Andrew J D"]
[Black "Blackburn, Jonathan L B"]
[Result "1/2-1/2"]
[WhiteElo "2090"]
[BlackElo "2181"]
[PlyCount "39"]
[EventDate "2004.09.19"]
[SourceDate "2004.09.21"]

1. e4 e6 2. d3 c5 3. g3 h5 4. h4 Nc6 5. Bg2 Nf6 6. Ne2 Be7 7. Nd2 d6 8. Nc4 Rb8
9. O-O d5 10. exd5 exd5 11. Ne3 d4 12. Nc4 Bg4 13. Bf4 Rc8 14. Qd2 Nd5 15. Rfe1
Kf8 16. Ne5 Nxe5 17. Bxe5 f6 18. Nf4 Nxf4 19. Bxf4 Qd7 20. Re4 1/2-1/2

[Event "4NCL/Div2/SWD1 vs. WWKS1"]
[Site "West Bromwich ENG"]
[Date "2004.09.19"]
[Round "2.7"]
[White "Morris, Charles F"]
[Black "McCumiskey, Andrew"]
[Result "0-1"]
[WhiteElo "2213"]
[BlackElo "2100"]
[PlyCount "66"]
[EventDate "2004.09.19"]
[SourceDate "2004.09.21"]

1. c4 g6 2. g3 c6 3. Bg2 Bg7 4. d4 d5 5. cxd5 cxd5 6. Nc3 e6 7. Nf3 Nf6 8. O-O
O-O 9. Ne5 Nc6 10. Nxc6 bxc6 11. Na4 Nd7 12. Bf4 Ba6 13. Rc1 Rc8 14. Re1 Qf6
15. e3 Qe7 16. e4 Qb4 17. Be3 Bb5 18. b3 Bxa4 19. bxa4 Nb6 20. Rb1 Qxa4 21.
Qxa4 Nxa4 22. Rb7 a5 23. Rc1 c5 24. dxc5 d4 25. Bd2 Nc3 26. Bxc3 dxc3 27. Rb5
a4 28. Ra5 Rfd8 29. f4 Rd2 30. e5 c2 31. Bf3 Bf8 32. Kf1 Bxc5 33. Ke1 Be3 0-1

[Event "4NCL/Div2/SWD1 vs. WWKS1"]
[Site "West Bromwich ENG"]
[Date "2004.09.19"]
[Round "2.8"]
[White "Chevannes, Sabrina"]
[Black "Blackburn, Suzie"]
[Result "1/2-1/2"]
[WhiteElo "2076"]
[BlackElo "2055"]
[PlyCount "69"]
[EventDate "2004.09.19"]
[SourceDate "2004.09.21"]

1. d4 Nf6 2. Nf3 e6 3. Bg5 Be7 4. Nbd2 c5 5. e3 b6 6. Bd3 Bb7 7. O-O d6 8. c3
Nbd7 9. e4 O-O 10. Qe2 Rc8 11. Ne1 cxd4 12. cxd4 e5 13. Nc2 exd4 14. Nxd4 d5
15. e5 Ne4 16. Bxe7 Qxe7 17. e6 fxe6 18. Nxe4 dxe4 19. Bxe4 Bxe4 20. Qxe4 Nc5
21. Qe2 Qf6 22. Nf3 Rfd8 23. Rad1 a5 24. Rfe1 h6 25. h3 Rc6 26. Rxd8+ Qxd8 27.
Rd1 Rd6 28. Rxd6 Qxd6 29. Ne5 Nd7 30. Nxd7 Qxd7 31. Qe5 Qc6 32. Kh2 Kh7 33. Kg3
Kg6 34. h4 Kf7 35. Qf4+ 1/2-1/2

[Event "4NCL/Div2/WGR3 vs. SLOS1"]
[Site "West Bromwich ENG"]
[Date "2004.09.19"]
[Round "2.1"]
[White "Woodward, Timothy"]
[Black "Pert, Nicholas"]
[Result "0-1"]
[WhiteElo "2334"]
[BlackElo "2493"]
[PlyCount "54"]
[EventDate "2004.09.19"]
[SourceDate "2004.09.21"]

1. d4 d5 2. c4 c6 3. Nf3 Nf6 4. Nc3 dxc4 5. a4 Bf5 6. Ne5 Nbd7 7. Nxc4 Qc7 8.
g3 e5 9. dxe5 Nxe5 10. Bf4 Nfd7 11. Bg2 g5 12. Ne3 gxf4 13. Nxf5 O-O-O 14. Qc2
Ng6 15. O-O a5 16. Rfd1 Kb8 17. Rac1 Bc5 18. b4 axb4 19. Ne4 Ba7 20. Nfd6 fxg3
21. hxg3 Nc5 22. Nxc5 Rxd6 23. Qc4 Bxc5 24. Qxc5 Rhd8 25. Rxd6 Qxd6 26. Qb6 Ne7
27. Bxc6 Rd7 0-1

[Event "4NCL/Div2/WGR3 vs. SLOS1"]
[Site "West Bromwich ENG"]
[Date "2004.09.19"]
[Round "2.2"]
[White "Czakon, Jakub"]
[Black "Tan, Desmond"]
[Result "1-0"]
[WhiteElo "2433"]
[BlackElo "2335"]
[PlyCount "105"]
[EventDate "2004.09.19"]
[SourceDate "2004.09.21"]

1. Nf3 c5 2. c4 Nc6 3. Nc3 g6 4. g3 Bg7 5. Bg2 d6 6. O-O e5 7. Ne1 Nge7 8. Nc2
O-O 9. Ne3 Rb8 10. d3 h6 11. Rb1 a6 12. Ned5 b5 13. Nxe7+ Nxe7 14. cxb5 axb5
15. b4 cxb4 16. Rxb4 Qa5 17. Qb3 Be6 18. Qa3 Qxa3 19. Bxa3 e4 20. Nxb5 Nc6 21.
Rbb1 Bxa2 22. Rbc1 Rxb5 23. Rxc6 exd3 24. exd3 Rd8 25. Rxd6 Rxd6 26. Bxd6 Bb1
27. Rd1 Bc2 28. Rd2 Rb1+ 29. Bf1 Bb3 30. Re2 Be6 31. Kg2 Bd5+ 32. f3 Bd4 33.
Be5 Bxf3+ 34. Kxf3 Bxe5 35. Rxe5 Rxf1+ 36. Ke4 f5+ 37. Kd5 Kf7 38. Re2 Ra1 39.
d4 g5 40. Ke5 Ra5+ 41. d5 Kg6 42. Rf2 Ra1 43. Ke6 Re1+ 44. Kd7 Kf6 45. d6 Ra1
46. Kc7 Ra7+ 47. Kb6 Ra1 48. Rd2 Rb1+ 49. Kc7 Rc1+ 50. Kd8 f4 51. gxf4 gxf4 52.
d7 Kf7 53. Rd4 1-0

[Event "4NCL/Div2/WGR3 vs. SLOS1"]
[Site "West Bromwich ENG"]
[Date "2004.09.19"]
[Round "2.3"]
[White "Lakos, Nikoletta"]
[Black "Jones, Gawain C B"]
[Result "1/2-1/2"]
[WhiteElo "2350"]
[BlackElo "2453"]
[PlyCount "36"]
[EventDate "2004.09.19"]
[SourceDate "2004.09.21"]

1. e4 c5 2. Nf3 g6 3. d4 cxd4 4. Nxd4 Nf6 5. Nc3 d6 6. Be3 Bg7 7. f3 Nc6 8. Qd2
O-O 9. O-O-O d5 10. exd5 Nxd5 11. Nxc6 bxc6 12. Bd4 e5 13. Bc5 Be6 14. Ne4 Rb8
15. c4 Qc7 16. Bd6 Qb6 17. Bc5 Qc7 18. Bd6 Qb6 1/2-1/2

[Event "4NCL/Div2/WGR3 vs. SLOS1"]
[Site "West Bromwich ENG"]
[Date "2004.09.19"]
[Round "2.4"]
[White "Aagaard, Jacob"]
[Black "Grant, Jonathan"]
[Result "1-0"]
[WhiteElo "2411"]
[BlackElo "2266"]
[PlyCount "85"]
[EventDate "2004.09.19"]
[SourceDate "2004.09.21"]

1. e4 c6 2. d4 d5 3. exd5 cxd5 4. c4 Nf6 5. Nc3 e6 6. Nf3 Bb4 7. Bd3 dxc4 8.
Bxc4 O-O 9. O-O b6 10. Bg5 Bb7 11. Ne5 Nc6 12. Ba6 Qc8 13. Bxf6 gxf6 14. Nxc6
Bxa6 15. Nxb4 Bxf1 16. Qg4+ Kh8 17. Rxf1 Qc4 18. Nc2 Rg8 19. Qe4 Rad8 20. Rd1
Rd7 21. Ne3 Qb4 22. Ng4 Qe7 23. h4 Rg6 24. Qf3 Kg7 25. h5 Rg5 26. Ne4 Rb5 27.
Ngxf6 Rd8 28. Rc1 h6 29. Qg3+ Kh8 30. Rc7 Qf8 31. Nd6 Rxd6 32. Qxd6 Kg7 33.
Qxe6 Rxb2 34. Qf5 Rb1+ 35. Kh2 Qd6+ 36. g3 Qxf6 37. Qxb1 Qxf2+ 38. Kh3 Kf8 39.
Qe4 Qf1+ 40. Kg4 Qd1+ 41. Kh4 Qf1 42. Rc8+ Kg7 43. Qe5+ 1-0

[Event "4NCL/Div2/WGR3 vs. SLOS1"]
[Site "West Bromwich ENG"]
[Date "2004.09.19"]
[Round "2.5"]
[White "Hasman, Cengiz"]
[Black "Pakleza, Zbigniew"]
[Result "0-1"]
[WhiteElo "2128"]
[BlackElo "2402"]
[PlyCount "80"]
[EventDate "2004.09.19"]
[SourceDate "2004.09.21"]

1. d4 c5 2. e3 Nf6 3. f4 d5 4. Nf3 Nc6 5. c3 Bf5 6. Bd3 Bxd3 7. Qxd3 e6 8. Nbd2
Bd6 9. Ne5 Qb6 10. Ndf3 Ne4 11. O-O f5 12. Bd2 Bxe5 13. fxe5 g5 14. c4 Qa6 15.
dxc5 g4 16. Nh4 Qxc4 17. Qxc4 dxc4 18. Bc3 Nxc5 19. g3 b5 20. a3 O-O-O 21. Ng2
Rhe8 22. Nf4 a5 23. Rac1 Kb7 24. Rc2 Kb6 25. Ne2 Rd3 26. Bd4 Nxd4 27. Nxd4 Rxe3
28. a4 Nxa4 29. b3 Re4 30. bxa4 Rxd4 31. axb5 Rc8 32. Rc3 Rc5 33. Rfc1 Kxb5 34.
Rb1+ Kc6 35. Rb8 Kd5 36. Rh8 Kxe5 37. Rxh7 Rd3 38. Rc2 c3 39. Re2+ Kd4 40. Rd7+
Kc4 0-1

[Event "4NCL/Div2/WGR3 vs. SLOS1"]
[Site "West Bromwich ENG"]
[Date "2004.09.19"]
[Round "2.6"]
[White "Gourlay, Iain"]
[Black "Maduekwe, Chiedu"]
[Result "1-0"]
[WhiteElo "2281"]
[BlackElo "2142"]
[PlyCount "91"]
[EventDate "2004.09.19"]
[SourceDate "2004.09.21"]

1. Nf3 Nf6 2. g3 g6 3. Bg2 Bg7 4. c4 c6 5. b3 O-O 6. Bb2 d5 7. O-O a6 8. Qc2
Bf5 9. d3 Qc8 10. Rd1 Nbd7 11. Nd4 Re8 12. Nxf5 gxf5 13. Bh3 e6 14. Nd2 Qc7 15.
cxd5 Nxd5 16. Bxg7 Kxg7 17. e4 fxe4 18. dxe4 N5f6 19. Nc4 Ne5 20. Qc1 Ng6 21.
e5 Nd5 22. Qg5 Qe7 23. Qh5 Red8 24. Rd4 Nb4 25. Rxd8 Rxd8 26. Nd6 Nd3 27. f4
Rxd6 28. exd6 Qxd6 29. Rf1 Qd4+ 30. Kh1 Qd5+ 31. Qxd5 cxd5 32. f5 exf5 33. Bxf5
Nb4 34. Bc8 b6 35. a3 Ne7 36. Bb7 Nc2 37. Bxa6 Nxa3 38. Bd3 Nc6 39. Ra1 Nb4 40.
Rxa3 Nxd3 41. Ra6 b5 42. Rb6 b4 43. Kg2 d4 44. Kf3 h6 45. Rb5 Kg6 46. Ke4 1-0

[Event "4NCL/Div2/WGR3 vs. SLOS1"]
[Site "West Bromwich ENG"]
[Date "2004.09.19"]
[Round "2.7"]
[White "Cutmore, David A"]
[Black "Rees, Ioan"]
[Result "0-1"]
[WhiteElo "2092"]
[BlackElo "2210"]
[PlyCount "52"]
[EventDate "2004.09.19"]
[SourceDate "2004.09.21"]

1. d4 Nf6 2. c4 c5 3. d5 b5 4. cxb5 a6 5. bxa6 g6 6. Nc3 Bxa6 7. e4 Bxf1 8.
Kxf1 d6 9. g4 Bg7 10. Kg2 Qc8 11. h3 O-O 12. g5 Nh5 13. Nge2 Nd7 14. Nf4 Nxf4+
15. Bxf4 Ne5 16. Bxe5 Bxe5 17. Qd2 Qb7 18. Rhb1 Qb4 19. f3 Rfb8 20. Qc2 Qd4 21.
Qc1 Qd3 22. Qe1 Ra7 23. Nd1 Rab7 24. a4 Rb3 25. Qf2 Bd4 26. Qg3 Qe2+ 0-1

[Event "4NCL/Div2/WGR3 vs. SLOS1"]
[Site "West Bromwich ENG"]
[Date "2004.09.19"]
[Round "2.8"]
[White "Worek, Joanna"]
[Black "Cutmore, Martin J"]
[Result "1-0"]
[WhiteElo "2256"]
[BlackElo "2031"]
[PlyCount "43"]
[EventDate "2004.09.19"]
[SourceDate "2004.09.21"]

1. d4 Nf6 2. c4 Nc6 3. Nc3 e5 4. d5 Ne7 5. g3 Ng6 6. a3 Bc5 7. e3 a6 8. h4 h5
9. Bd3 d6 10. Qc2 Nf8 11. Nf3 c6 12. Ng5 cxd5 13. cxd5 Qe7 14. b4 Ba7 15. a4
N8d7 16. Ba3 Ng4 17. Nd1 Ndf6 18. Rc1 Bd7 19. Qc7 Bxa4 20. Qc8+ Rxc8 21. Rxc8+
Kd7 22. Bf5+ 1-0

[Event "4NCL/Div2/HKF1 vs. BRI2"]
[Site "West Bromwich ENG"]
[Date "2004.09.19"]
[Round "2.1"]
[White "Arkell, Keith C"]
[Black "Curtis, John"]
[Result "1-0"]
[WhiteElo "2489"]
[BlackElo "2126"]
[PlyCount "75"]
[EventDate "2004.09.19"]
[SourceDate "2004.09.21"]

1. d4 Nf6 2. Nf3 d6 3. c4 Nbd7 4. Nc3 e5 5. e4 Be7 6. Be2 O-O 7. O-O c6 8. Re1
Re8 9. Bf1 a6 10. a3 b5 11. h3 Bb7 12. Qc2 Bf8 13. Bd2 exd4 14. Nxd4 c5 15. Nf5
b4 16. Nd5 Nxd5 17. cxd5 a5 18. Bb5 Qc7 19. axb4 axb4 20. Bxb4 Rec8 21. Bc3 Ne5
22. Bxe5 dxe5 23. Bf1 g6 24. Ne3 Bd6 25. Nc4 Ba6 26. Nxd6 Qxd6 27. Bxa6 Rxa6
28. Rxa6 Qxa6 29. Qc3 Qd6 30. Ra1 f5 31. f3 fxe4 32. fxe4 Rf8 33. Qc4 Rf4 34.
Ra6 Qf8 35. Ra7 Qd6 36. Qa4 Qb6 37. Qd7 c4+ 38. Kh2 1-0

[Event "4NCL/Div2/HKF1 vs. BRI2"]
[Site "West Bromwich ENG"]
[Date "2004.09.19"]
[Round "2.2"]
[White "Collier, David O"]
[Black "Prie, Eric"]
[Result "0-1"]
[WhiteElo "2168"]
[BlackElo "2441"]
[PlyCount "80"]
[EventDate "2004.09.19"]
[SourceDate "2004.09.21"]

1. d4 d5 2. c4 c6 3. Nf3 Nf6 4. Nc3 a6 5. cxd5 cxd5 6. Bf4 Nc6 7. e3 Bg4 8. Be2
e6 9. h3 Bh5 10. O-O Be7 11. a3 O-O 12. b4 Na7 13. Qb3 Ne4 14. g4 Bg6 15. Rfc1
Bd6 16. Bxd6 Nxd6 17. a4 Nc6 18. Ne5 Nxe5 19. dxe5 Ne4 20. Nxe4 Bxe4 21. f3 Bg6
22. Qc3 Qh4 23. Kg2 h5 24. Qd4 Qe7 25. Qc5 Qg5 26. Qd4 Rac8 27. Kg3 Qe7 28. Rc3
Rxc3 29. Qxc3 Qd7 30. b5 Rc8 31. Qd4 Rc2 32. Bf1 Qd8 33. h4 hxg4 34. bxa6 bxa6
35. Bxa6 gxf3 36. Bf1 Be4 37. Rd1 f5 38. exf6 Qc7+ 39. Kg4 Bf5+ 40. Kh5 Qg3 0-1

[Event "4NCL/Div2/HKF1 vs. BRI2"]
[Site "West Bromwich ENG"]
[Date "2004.09.19"]
[Round "2.3"]
[White "Berzinsh, Roland"]
[Black "Chaplin, Peter"]
[Result "1/2-1/2"]
[WhiteElo "2455"]
[BlackElo "2066"]
[PlyCount "69"]
[EventDate "2004.09.19"]
[SourceDate "2004.09.21"]

1. e4 c5 2. Nf3 e6 3. c3 Qa5 4. Bd3 Nc6 5. O-O d6 6. Bc2 Nf6 7. d4 cxd4 8. cxd4
Be7 9. Nc3 O-O 10. Re1 e5 11. d5 Nb4 12. Bb1 Bg4 13. h3 Bh5 14. Bd2 Na6 15. a3
Qc7 16. b4 Qd7 17. Bd3 Nc7 18. a4 h6 19. Be3 Rfc8 20. Rb1 Qd8 21. a5 Ne6 22.
Nb5 Ng5 23. Nxa7 Bxf3 24. gxf3 Nxh3+ 25. Kh2 Rxa7 26. Bxa7 Nf4 27. Bb5 Bf8 28.
Bb6 Qe7 29. Re2 N6h5 30. Qh1 Nxe2 31. Bxe2 Nf4 32. Bb5 Qg5 33. Be3 Rc2 34. Qf1
Qh5+ 35. Kg3 1/2-1/2

[Event "4NCL/Div2/HKF1 vs. BRI2"]
[Site "West Bromwich ENG"]
[Date "2004.09.19"]
[Round "2.4"]
[White "Bareham, David"]
[Black "Houska, Jovanka"]
[Result "0-1"]
[WhiteElo "2115"]
[BlackElo "2375"]
[PlyCount "56"]
[EventDate "2004.09.19"]
[SourceDate "2004.09.21"]

1. e4 c6 2. Nf3 d5 3. Nc3 Bg4 4. h3 Bxf3 5. Qxf3 e6 6. g3 Nf6 7. d3 Nbd7 8. Bg2
Bb4 9. O-O O-O 10. Qe2 Qc7 11. f4 dxe4 12. dxe4 Rfd8 13. e5 Nd5 14. Ne4 b5 15.
c3 Be7 16. b3 Nc5 17. Bd2 Nxe4 18. Bxe4 Rd7 19. Rad1 Rad8 20. Qf3 f5 21. exf6
Nxf6 22. Qe2 Nxe4 23. Qxe4 Rxd2 24. Qxe6+ Kh8 25. Rxd2 Rxd2 26. Re1 Bf8 27. Re5
Qb6+ 28. Kh1 Qf2 0-1

[Event "4NCL/Div2/HKF1 vs. BRI2"]
[Site "West Bromwich ENG"]
[Date "2004.09.19"]
[Round "2.5"]
[White "Greet, Andrew N"]
[Black "Boyce, G Michael"]
[Result "1-0"]
[WhiteElo "2310"]
[BlackElo "2057"]
[PlyCount "56"]
[EventDate "2004.09.19"]
[SourceDate "2004.09.21"]

1. d4 d5 2. c4 e6 3. Nc3 c5 4. e3 Nf6 5. Nf3 Nc6 6. a3 a6 7. dxc5 Bxc5 8. b4
Bd6 9. cxd5 exd5 10. Be2 O-O 11. O-O Bg4 12. h3 Bh5 13. Qb3 Re8 14. Rd1 Ne4 15.
Bb2 d4 16. Nxd4 Nxf2 17. Kxf2 Qh4+ 18. Kf1 Rxe3 19. Bxh5 Nxd4 20. Qxf7+ Kh8 21.
Nd5 Rf8 22. Qxf8+ Bxf8 23. Rxd4 Re4 24. Rxe4 Qxe4 25. Bf3 Qd3+ 26. Kg1 Bd6 27.
Re1 h5 28. Re8+ Kh7 1-0